La Revolución Industrial y su proyección en el Río de la Plata.

Guardado en:
Formato: Deslizar
Materias:
Etiquetas: Agregar Etiqueta
Sin Etiquetas, Sea el primero en etiquetar este registro!
LEADER 00895ngm a22002295g 4500
001 CEM.cems022912
008 130507b2009##################0###0#####d
005 20241126155608.0
245 0 0 |a La Revolución Industrial y su proyección en el Río de la Plata. 
300 |a 25'. 
500 |a En soporte VHS, consultar en ventanilla. 
505 0 |a El comercio inglés en el Río de la Plata. Contrabando. Lucha entre España e Inglaterra. Invasiones inglesas. Evolución de la balanza comercial con Inglaterra. 
538 |a Soporte: VHS - Norma: Pal N - Color: Si - Grabación DRD 2009 - Hitachi=5250 
082 9 4 |/ TRA 
653 |a HISTORIA 
653 |a POLITICA 
653 |a REVOLUCION INDUSTRIAL 
653 |a CONTRABANDO 
653 |a INVASIONES INGLESAS 
653 |a NIVEL PRIMARIO 
653 |a NIVEL SECUNDARIO 
859 |a CEMS  |b BIB. CEMS - Depto. Recursos Didacticos  |h 940  |i TRA  |k DRD  |p 1555.12  |t Ej.1